| 000 | 01693nam a22002177a 4500 | ||
|---|---|---|---|
| 005 | 20240924125949.0 | ||
| 008 | 211117s2007 ag ||||g |||| 001 f spa|| | ||
| 020 | _a9789871093526 | ||
| 041 | _aspa | ||
| 092 |
_c808.8 _l95 _sWIL |
||
| 100 | 1 |
_aWilde, Oscar _91209 |
|
| 245 | 3 |
_aEl retrato de Dorian Gray / _cOscar Wilde |
|
| 250 |
_a1a ed. 2a reimp. _bTrad. Sergio Albano |
||
| 260 |
_aBuenos Aires: _bGradifco; _c2007. |
||
| 300 |
_a256 p. _c19x12 cm. |
||
| 500 | _aWilde, O. (2007). El retrato de Dorian Gray. (1a ed.). Buenos Aires : Gradifco. | ||
| 505 | _aCuando, en 1890, el Lippincott's Magazine publicó El Retrato de Dorian Gray, el rechazo y condena de la crítica inglesa fue casi inánime. El fundamento de la crítica era aún más perverso e hipócrita que los motivos que la suscitaron. Nadie recordaría hoy a esos oscuros censores sino fuera por la obra de Wilde a cuyo carro se subieron para atar allí sus sórdidas banderas de moral. Oscar Wilde estaba asustado de horrorizar al público inglés, sin embargo, esta objeción, casi circunstancial, venia a encubrir un juicio a su homosexualidad, el cual tomaba el rodeo del producto literario para fustigar al autor por este "delito". Lo cierto es que esta magnifica obra pone al descubierto la hipocresía y superficialidad de la aristocracia británica, y muestra a sus exponentes más abominables valiéndose de una historia sorprendente que recuerda a ciertos pactos celebrados con el diablo para superar las debilidades y la finitud humana y alcanzar el sueño de una juventud y belleza eternas. | ||
| 590 | _aDonación Juan Carlos Constanzo, noviembre 2017. | ||
| 655 |
_aLiteratura _92917 |
||
| 942 |
_2ddc _cLIT |
||
| 999 |
_c2592 _d2592 |
||